Normal view
MARC view
- Teoría fundamentada
Entry Materia
001 - NÚMERO DE CONTROL DEL REGISTRO
- campo de control: 7057
003 - IDENTIFICADOR DE NUMERO DE CONTROL
- campo de control: UPN
005 - FECHA Y HORA DE LA ÚLTIMA TRANSACCIÓN
- campo de control: 20230209125242.0
008 - DATOS DE LONGITUD FIJA
- campo de control de longitud fija: nabaccnnaabn|||||||||| b |nc|||||d
035 ## - NÚMERO DE CONTROL DEL SISTEMA
- Número de control del sistema: UPN10000007059
040 ## - FUENTE DE LA CATALOGACIÓN
- Lengua de catalogación: SPA
- Agencia de transcripción: UPN
- Centro catalogador de origen: MX-MxUPN
046 ## - FECHAS CON CODIFICACIÓN ESPECIAL
- Fecha final para contenidos agregados: 0223
053 #4 - NÚMERO CLASIFICADOR - BIBLIOTECA DEL CONGRESO (LC)
- Elemento numérico de la clasificación - Número único o no. inicial del rango: HA29.5 E8
150 ## - ENCABEZAMIENTO - TEMÁTICO
- Término de materia o nombre geográfico como elemento inicial: Teoría fundamentada
670 ## - FUENTE EN LA QUE SE LOCALIZARON DATOS
- Cita de la fuente: LC
- Información localizada: Grounded theory
680 ## - NOTA GENERAL CON DESPLIEGUE PÚBLICO
- Encabezamiento: Aquí se asientan las obras sobre la teoria social que se basa en los datos compilados sistematicamente con la investigación social mas bien que en el razonamiento abstracto, deductivo
902 ## - CATALOGADOR
- Catalogador: MEEG/150807
